Quick Pick: '80s TV Shows Quiz Stats

 Plays Quiz Updated Sep 4, 2016

Score 0/10 Timer 01:00
2 Plays Today
% Correct
The Simpsons
92.4%
Magnum, P.I.
90.9%
Tour of Duty
90.2%
Married... with Children
89.2%
Cheers
88.3%
Seinfeld
86.8%
Family Ties
81.6%
Golden Girls
80.1%
Who's the Boss?
72.8%
Doogie Howser, M.D.
62.4%

Today's Daily Dose

Missing Word
Directed by Peter

Word Ladder
Blink-182

Quick Pick
Eagles Songs

Get the Picture
NFC West Profiles

You're not logged in!

Compare scores with friends on all Sporcle quizzes.
OR
Log In

Show Comments

Extras

Top Quizzes Today


Score Distribution

Your Account Isn't Verified!

In order to create a playlist on Sporcle, you need to verify the email address you used during registration. Go to your Sporcle Settings to finish the process.

Report this User

Report this user for behavior that violates our Community Guidelines.

Details: